MARC details
| 000 -LEADER |
| campo de control de longitud fija |
02688nkc a22002657a 4500 |
| 001 - NÚMERO DE CONTROL |
| campo de control |
85838 |
| 005 - FECHA Y HORA DE LA ÚLTIMA TRANSACCIÓN |
| campo de control |
20260429115546.0 |
| 007 - CAMPO FIJO DE DESCRIPCIÓN FÍSICA--INFORMACIÓN GENERAL |
| campo de control de longitud fija |
kh bo |
| 008 - DATOS DE LONGITUD FIJA--INFORMACIÓN GENERAL |
| campo de control de longitud fija |
260427s1920 sp ||||| |||| |0| i|spa d |
| 040 ## - FUENTE DE CATALOGACIÓN |
| Centro catalogador/agencia de origen |
M-RABA |
| Lengua de catalogación |
spa |
| Centro/agencia transcriptor |
M-RABA |
| 245 01 - MENCIÓN DEL TÍTULO |
| Título |
[Nuño Gonsalves |
| Resto del título |
: detalles de las pinturas del Altar de San Vicente, en la Catedral de Lisboa] |
| Medio |
[Material gráfico] |
| 260 ## - PUBLICACIÓN, DISTRIBUCIÓN, ETC. |
| Lugar de publicación, distribución, etc. |
: Lisboa |
| Nombre del editor, distribuidor, etc. |
: Amigos do Museu de Arte Antiga Lisboa |
| Fecha de publicación, distribución, etc. |
[ca.1920] |
| 300 ## - DESCRIPCIÓN FÍSICA |
| Extensión |
6 fotografías |
| Otras características físicas |
: reproducción fotomecánica |
| Dimensiones |
; imagen 24 x 17 cm (medidas máximas) |
| -- |
; imagen 14 x 9 cm (medidas mínimas) |
| 500 00 - NOTA GENERAL |
| Nota general |
Conjunto de 6 fotografías que representan diferentes fragmentos del políptico del siglo XV "La Veneración de San Vicente" realizado por el pintor portugués Nuno Gonçalves para la Catedral de Lisboa. Dichas imágenes son provenientes de la fundación "Amigos do Museu de Arte Antiga de Lisboa"(dos de ellas tienen formato de tarjeta postal (Fot-800, Fot-801). |
| 500 00 - NOTA GENERAL |
| Nota general |
Inscripciones mecanografiadas al verso que indica título de la obra y autor:<br/>Fot-800: "Retratos de Nuno e Joham Gonçalves". Del políptico: "Veneración a San Vicente".<br/>Fot-801: "Retrato del Infante D. Enrique". Del político: "Veneración a San Vicente".<br/>Fot-802: "Panel del Arzobispo". Del político: "Veneración a San Vicente".<br/>Fot-803: "Panel de los pecadores y los caballeros". Del político: "Veneración a San Vicente".<br/>Fot-804: "Panel de los frailes y la reliquia". Del político: "Veneración a San Vicente".<br/>Fot-805: "Panel de los infantes". Del político: "Veneración a San Vicente". |
| 655 #7 - TERMINO DE INDIZACIÓN--GENERO/FORMA |
| Datos o término principal de género/forma |
Fotografías de obras de arte |
| 9 (RLIN) |
75675 |
| 852 ## - LOCALIZACIÓN |
| Número de control de estantería |
Fot-800; Fot-801; Fot-802; Fot-803; Fot-804; Fot-805 |
| 856 ## - LOCALIZACIÓN Y ACCESO ELECTRÓNICOS |
| Identificador Uniforme de Recurso |
<a href="https://archivoybiblioteca.realacademiabellasartessanfernando.com/cgi-bin/koha/opac-retrieve-file.pl?id=4a588887a7ff2a596da2c2d06c16b0a0">https://archivoybiblioteca.realacademiabellasartessanfernando.com/cgi-bin/koha/opac-retrieve-file.pl?id=4a588887a7ff2a596da2c2d06c16b0a0</a> |
| Texto de enlace |
Fot-800 |
| 856 ## - LOCALIZACIÓN Y ACCESO ELECTRÓNICOS |
| Identificador Uniforme de Recurso |
<a href="https://archivoybiblioteca.realacademiabellasartessanfernando.com/cgi-bin/koha/opac-retrieve-file.pl?id=bf36902acf01239d82969462a203dd41">https://archivoybiblioteca.realacademiabellasartessanfernando.com/cgi-bin/koha/opac-retrieve-file.pl?id=bf36902acf01239d82969462a203dd41</a> |
| Texto de enlace |
Fot-801 |
| 856 ## - LOCALIZACIÓN Y ACCESO ELECTRÓNICOS |
| Identificador Uniforme de Recurso |
<a href="https://archivoybiblioteca.realacademiabellasartessanfernando.com/cgi-bin/koha/opac-retrieve-file.pl?id=ffecc4fc76238c58e3588143e12d221c">https://archivoybiblioteca.realacademiabellasartessanfernando.com/cgi-bin/koha/opac-retrieve-file.pl?id=ffecc4fc76238c58e3588143e12d221c</a> |
| Texto de enlace |
Fot-802 |
| 856 ## - LOCALIZACIÓN Y ACCESO ELECTRÓNICOS |
| Identificador Uniforme de Recurso |
<a href="https://archivoybiblioteca.realacademiabellasartessanfernando.com/cgi-bin/koha/opac-retrieve-file.pl?id=78a940c8a0a32f4c738d1cc8f0c9cc17">https://archivoybiblioteca.realacademiabellasartessanfernando.com/cgi-bin/koha/opac-retrieve-file.pl?id=78a940c8a0a32f4c738d1cc8f0c9cc17</a> |
| Texto de enlace |
Fot-803 |
| 856 ## - LOCALIZACIÓN Y ACCESO ELECTRÓNICOS |
| Identificador Uniforme de Recurso |
<a href="https://archivoybiblioteca.realacademiabellasartessanfernando.com/cgi-bin/koha/opac-retrieve-file.pl?id=5431251e0fc0a2d241daeaba1de5e3a6">https://archivoybiblioteca.realacademiabellasartessanfernando.com/cgi-bin/koha/opac-retrieve-file.pl?id=5431251e0fc0a2d241daeaba1de5e3a6</a> |
| Texto de enlace |
Fot-804 |
| 856 ## - LOCALIZACIÓN Y ACCESO ELECTRÓNICOS |
| Identificador Uniforme de Recurso |
<a href="https://archivoybiblioteca.realacademiabellasartessanfernando.com/cgi-bin/koha/opac-retrieve-file.pl?id=2a77a3a9251a333a860e53196fb4392a">https://archivoybiblioteca.realacademiabellasartessanfernando.com/cgi-bin/koha/opac-retrieve-file.pl?id=2a77a3a9251a333a860e53196fb4392a</a> |
| Texto de enlace |
Fot-805 |
| 942 ## - ELEMENTOS DE ENTRADA SECUNDARIOS (KOHA) |
| Tipo de ítem Koha |
Fotografías |
| Suprimir en OPAC |
No |